000 00551nam a2200217Ia 4500
003 OSt
005 20220924144955.0
006 a|||||r|||| 00| 0
007 ta
008 220923b |||||||| |||| 00| 0 per d
024 _a324998
037 _cTextual
040 _aARTS
_cARTS
_bper
041 _2per
_aper
082 _aC7, 164J2
100 _aZandi Fazil Au.
_9218802
245 0 _aKhutoot-o-bubhha jazbi Miv-o-Mv ashsha
260 _c1952
942 _hC7, 164J2
_cTEXL
_2CC
999 _c458786
_d458786